A STRATEGY FOR GUIDANCE A POINT OF VIEW AND ITS IMPLICATION (Record no. 582423)

000 -LEADER
fixed length control field 00316nam a22001097a 4500
082 ## - DEWEY DECIMAL CLASSIFICATION NUMBER
Classification number 370 ROE'S
100 ## - MAIN ENTRY--PERSONAL NAME
Personal name SMITH, GLENN E,ROEBER, EDWARD C,WALZ, GARRY R
9 (RLIN) 77099
245 ## - TITLE STATEMENT
Title A STRATEGY FOR GUIDANCE A POINT OF VIEW AND ITS IMPLICATION
260 ## - PUBLICATION, DISTRIBUTION, ETC.
Place of publication, distribution, etc. LONDON
Name of publisher, distributor, etc. COLLIN MACMILLAN
Date of publication, distribution, etc. 1969
300 ## - PHYSICAL DESCRIPTION
Extent 293P
942 ## - ADDED ENTRY ELEMENTS (KOHA)
Koha item type Book
Holdings
Withdrawn status Lost status Damaged status Not for loan Permanent Location Current Location Shelving location Date acquired Total Checkouts Full call number Barcode Date last seen Price effective from Koha item type
        College of Electrical & Mechanical Engineering (CEME) College of Electrical & Mechanical Engineering (CEME) General Stacks 06/05/2017   370 ROE'S CEME-10256 06/28/2021 06/28/2021 Book
© 2023 Central Library, National University of Sciences and Technology. All Rights Reserved.